Matemáticas financieras con ecuaciones de diferencia finita / (Registro nro. 408)
[ vista simple ]
| 000 -LEADER | |
|---|---|
| fixed length control field | 01202nam a2200241Ia 4500 |
| 003 - CONTROL NUMBER IDENTIFIER | |
| control field | PE SENCICO BE |
| 005 - DATE AND TIME OF LATEST TRANSACTION | |
| control field | 20251020182436.0 |
| 008 - FIXED-LENGTH DATA ELEMENTS--GENERAL INFORMATION | |
| fixed length control field | 200515s9999 xx 000 0 und d |
| 020 ## - INTERNATIONAL STANDARD BOOK NUMBER | |
| International Standard Book Number | 958-699-001-X |
| 040 ## - CATALOGING SOURCE | |
| Original cataloging agency | PE SENCICO BE |
| Transcribing agency | PE SENCICO BE |
| 041 ## - LANGUAGE CODE | |
| Language code of text/sound track or separate title | spa |
| 082 ## - DEWEY DECIMAL CLASSIFICATION NUMBER | |
| Classification number | 658.4033 |
| Item number | G26 |
| 100 1# - MAIN ENTRY--PERSONAL NAME | |
| Personal name | García, Jaime A. |
| 9 (RLIN) | 3122 |
| Relator term | autor |
| 245 10 - TITLE STATEMENT | |
| Title | Matemáticas financieras con ecuaciones de diferencia finita / |
| Statement of responsibility, etc. | Jaime A. García |
| 250 ## - EDITION STATEMENT | |
| Edition statement | 4a ed. |
| 260 ## - PUBLICATION, DISTRIBUTION, ETC. | |
| Place of publication, distribution, etc. | Santafé de Bogotá : |
| Name of publisher, distributor, etc. | Pearson Educación de Colombia ; |
| Date of publication, distribution, etc. | 2000 |
| 300 ## - PHYSICAL DESCRIPTION | |
| Extent | 303 páginas : |
| Other physical details | diagramas ; |
| Dimensions | 23 cm. |
| 505 0# - FORMATTED CONTENTS NOTE | |
| Formatted contents note | Funciones exponencial y logarítmica. Progresiones -- Ecuaciones de diferencia finita -- Interés-valores presente y futuro -- Series uniformes o anualidades -- Series variables -- Amortización y saldos -- Valor presente neto, VPN -- Costo anual uniforme equivalente, CAUE -- Tasa interna de retorno, TIR |
| 520 3# - SUMMARY, ETC. | |
| Summary, etc. | Proporciona las herramientas financieras necesarias para enfrentar decisiones que involucran evaluación de proyectos. Se fundamenta en las ecuaciones de diferencia finita. |
| 650 10 - SUBJECT ADDED ENTRY--TOPICAL TERM | |
| Topical term or geographic name entry element | Matemáticas financieras |
| 9 (RLIN) | 2274 |
| 650 20 - SUBJECT ADDED ENTRY--TOPICAL TERM | |
| Topical term or geographic name entry element | Ecuaciones |
| 9 (RLIN) | 578 |
| 942 ## - ADDED ENTRY ELEMENTS (KOHA) | |
| Koha item type | Libros |
| Source of classification or shelving scheme | Dewey Decimal Classification |
| Fecha de la última vez que lo usaron | Número de ingreso o de inventario | Pago total | Signatura topográfica completa | Código de barras | Precio efectivo desde | Tipo de documento | Estado perdido | Sistema de clasificación | Estado dañado | No es para préstamo | Retirado | Ubicación permanente | Ubicación actual | Fecha de adquisición |
|---|---|---|---|---|---|---|---|---|---|---|---|---|---|---|
| 15/05/2020 | 11492 | 658.4033/G26/2000 | BiLima25060002 | 15/05/2020 | Libros | Dewey Decimal Classification | Biblioteca Central Lima | Biblioteca Central Lima | 15/05/2020 |